Normal view
MARC view
Entry Nombre de reunión
001 - NÚMERO DE CONTROL
- campo de control: 84456
003 - IDENTIFICADOR DEL NÚMERO DE CONTROL
- campo de control: DO-SdBNP
005 - FECHA Y HORA DE LA ÚLTIMA TRANSACCIÓN
- campo de control: 20231011125827.0
008 - DATOS DE LONGITUD FIJA
- campo de control de longitud fija: 231011|| aca||aabn | a|a d
040 ## - FUENTE DE LA CATALOGACIÓN
- Centro catalogador/agencia de origen: DO-SdBNP
- Centro/agencia transcriptor: DO-SdBNP
111 ## - ENCABEZAMIENTO--NOMBRE DE CONGRESO/REUNIÓN
- Nombre de congreso/reunión o jurisdicción como elemento de entrada: Concurso de Economía de la Biblioteca Juan Pablo Duarte 2014
- Fecha del congreso/reunión: (2014 :
- Sede del congreso/Lugar de la reunión: Santo Domingo )
670 ## - FUENTE DE DATOS ENCONTRADOS
- Cita de la fuente: Work cat.: (DO-SdBNP)46346: Concurso de Economía de la Biblioteca Juan Pablo Duarte 2014 (2014 : Santo Domingo ), Nueva literatura económica dominicana :
